{"text_format":"3","workbook":"xlsx","n_sheets":1,"sheets":["t387"],"read":"whole","date_system":"1900"}

{"sheet":"t387","index":0,"n_rows":190,"n_cols":7,"rows_kept":190,"merged":[[0,0,0,6],[28,0,28,5],[42,0,42,5],[158,0,158,5]]}
["TABELA 387.1 - Estatísticas Agrícolas, Município de Ourinhos, Estado de São Paulo, 2016/17."]
["ITEM","UNIDADE","N.DE UPAs","MÍNIMO","MÉDIO","MÁXIMO","TOTAL"]
["Distância à sede do município","km",351,0.4,{"v":10.83,"d":"10.8"},{"v":31,"d":"31.0"},"-"]
["Área total","hectare",351,0.5,{"v":74.33,"d":"74.3"},{"v":1654.6,"d":"1,654.6"},{"v":26090.7,"d":"26,090.7"}]
["Área com cultura perene","hectare",10,0.2,{"v":6.67,"d":"6.7"},{"v":22,"d":"22.0"},66.7]
["Área com cultura temporária","hectare",232,0.2,80.9,{"v":1030.1,"d":"1,030.1"},{"v":18769.7,"d":"18,769.7"}]
["Área com pastagem","hectare",225,0.1,14.9,{"v":290,"d":"290.0"},{"v":3351.9,"d":"3,351.9"}]
["Área com reflorestamento","hectare",26,0.2,{"v":32.42,"d":"32.4"},{"v":440,"d":"440.0"},{"v":843,"d":"843.0"}]
["Área com vegetação natural","hectare",204,0.1,{"v":7.78,"d":"7.8"},152.3,{"v":1587.6,"d":"1,587.6"}]
["Área com vegetação de brejo e várzea","hectare",43,0.1,{"v":12.35,"d":"12.4"},109.9,{"v":531,"d":"531.0"}]
["Área em descanso","hectare",24,0.1,8.3,{"v":90,"d":"90.0"},199.1]
["Área complementar","hectare",283,0.1,{"v":2.62,"d":"2.6"},149.4,741.7]
["Área das UPAs com (0, 1] ha","hectare",4,0.5,{"v":0.65,"d":"0.7"},{"v":1,"d":"1.0"},2.6]
["Área das UPAs com (1, 2] ha","hectare",12,1.2,{"v":1.48,"d":"1.5"},1.8,17.7]
["Área das UPAs com (2, 5] ha","hectare",60,2.2,3.9,{"v":5,"d":"5.0"},234.2]
["Área das UPAs com (5, 10] ha","hectare",62,5.3,{"v":7.67,"d":"7.7"},9.6,475.3]
["Área das UPAs com (10, 20] ha","hectare",74,10.1,{"v":14.43,"d":"14.4"},19.4,{"v":1067.9,"d":"1,067.9"}]
["Área das UPAs com (20, 50] ha","hectare",72,20.4,31.7,48.4,{"v":2282.1,"d":"2,282.1"}]
["Área das UPAs com (50, 100] ha","hectare",15,{"v":52,"d":"52.0"},{"v":69.41,"d":"69.4"},91.3,{"v":1041.2,"d":"1,041.2"}]
["Área das UPAs com (100, 200] ha","hectare",19,{"v":101,"d":"101.0"},{"v":133.97,"d":"134.0"},193.5,{"v":2545.4,"d":"2,545.4"}]
["Área das UPAs com (200, 500] ha","hectare",18,218.8,{"v":326.26,"d":"326.3"},482.7,{"v":5872.7,"d":"5,872.7"}]
["Área das UPAs com (500, 1.000] ha","hectare",12,{"v":508,"d":"508.0"},{"v":708.73,"d":"708.7"},999.6,{"v":8504.8,"d":"8,504.8"}]
["Área das UPAs com (1.000, 2.000] ha","hectare",3,{"v":1048.4,"d":"1,048.4"},{"v":1348.93,"d":"1,348.9"},{"v":1654.6,"d":"1,654.6"},{"v":4046.8,"d":"4,046.8"}]
["Área das UPAs com (2.000, 5.000] ha","hectare","-","-","-","-","-"]
["Área das UPAs com (5.000, 10.000] ha","hectare","-","-","-","-","-"]
["Área das UPAs acima de 10.000 ha","hectare","-","-","-","-","-"]
["Fonte: Secretaria de Agricultura e Abastecimento, CDRS/IEA, Projeto LUPA."]
[]
["TABELA 387.2 - Explorações Animais, Município de Ourinhos, Estado de São Paulo, 2016/17."]
["ITEM","UNIDADE","N.DE UPAs","MÍNIMO","MÉDIO","MÁXIMO","TOTAL"]
["Asininos e muares","cabecas",26,{"v":1,"d":"1.0"},{"v":2.42,"d":"2.4"},{"v":23,"d":"23.0"},{"v":63,"d":"63.0"}]
["Avicultura para ovos","cabecas",8,{"v":24000,"d":"24,000.0"},{"v":49875,"d":"49,875.0"},{"v":80000,"d":"80,000.0"},{"v":399000,"d":"399,000.0"}]
["Bovinocultura de corte","cabecas",139,{"v":2,"d":"2.0"},{"v":24.99,"d":"25.0"},{"v":540,"d":"540.0"},{"v":3474,"d":"3,474.0"}]
["Bovinocultura leiteira","cabecas",40,{"v":1,"d":"1.0"},{"v":20.98,"d":"21.0"},{"v":386,"d":"386.0"},{"v":839,"d":"839.0"}]
["Bovinocultura mista","cabecas",13,{"v":3,"d":"3.0"},{"v":12.77,"d":"12.8"},{"v":38,"d":"38.0"},{"v":166,"d":"166.0"}]
["Bubalinocultura","cabecas",1,{"v":2,"d":"2.0"},{"v":2,"d":"2.0"},{"v":2,"d":"2.0"},{"v":2,"d":"2.0"}]
["Caprinocultura","cabecas",1,{"v":1,"d":"1.0"},{"v":1,"d":"1.0"},{"v":1,"d":"1.0"},{"v":1,"d":"1.0"}]
["Equinocultura","cabecas",112,{"v":1,"d":"1.0"},{"v":2.47,"d":"2.5"},{"v":12,"d":"12.0"},{"v":277,"d":"277.0"}]
["Ovinocultura","cabecas",10,{"v":5,"d":"5.0"},18.3,{"v":80,"d":"80.0"},{"v":183,"d":"183.0"}]
["Suinocultura","cabecas",29,{"v":1,"d":"1.0"},{"v":41.41,"d":"41.4"},{"v":600,"d":"600.0"},{"v":1201,"d":"1,201.0"}]
["Fonte: Secretaria de Agricultura e Abastecimento, CDRS/IEA, Projeto LUPA."]
[]
["TABELA 387.3 -  Máquinas, Implementos e Benfeitorias, Município de Ourinhos, Estado de São Paulo, 2016/17."]
["ITEM","UNIDADE","N.DE UPAs","MÍNIMO","MÉDIO","MÁXIMO","TOTAL"]
["Arado comum (bacia, aiveca)","unidade",17,{"v":1,"d":"1.0"},{"v":1.41,"d":"1.4"},{"v":4,"d":"4.0"},{"v":24,"d":"24.0"}]
["Arado escarificador","unidade",41,{"v":1,"d":"1.0"},{"v":1.41,"d":"1.4"},{"v":4,"d":"4.0"},{"v":58,"d":"58.0"}]
["Arado subsolador","unidade",22,{"v":1,"d":"1.0"},{"v":1.64,"d":"1.6"},{"v":13,"d":"13.0"},{"v":36,"d":"36.0"}]
["Batedeira de cereais","unidade",2,{"v":1,"d":"1.0"},{"v":1,"d":"1.0"},{"v":1,"d":"1.0"},{"v":2,"d":"2.0"}]
["Camara fria","unidade",3,{"v":1,"d":"1.0"},{"v":1,"d":"1.0"},{"v":1,"d":"1.0"},{"v":3,"d":"3.0"}]
["Carregadeira de cana","unidade",4,{"v":1,"d":"1.0"},{"v":10.25,"d":"10.3"},{"v":38,"d":"38.0"},{"v":41,"d":"41.0"}]
["Carreta de trator","unidade",6,{"v":1,"d":"1.0"},{"v":1.17,"d":"1.2"},{"v":2,"d":"2.0"},{"v":7,"d":"7.0"}]
["Colhedeira acoplada","unidade",6,{"v":1,"d":"1.0"},{"v":1,"d":"1.0"},{"v":1,"d":"1.0"},{"v":6,"d":"6.0"}]
["Colhedeira automotriz","unidade",12,{"v":1,"d":"1.0"},{"v":2.17,"d":"2.2"},{"v":11,"d":"11.0"},{"v":26,"d":"26.0"}]
["Computador","unidade",4,{"v":1,"d":"1.0"},{"v":38.25,"d":"38.3"},{"v":150,"d":"150.0"},{"v":153,"d":"153.0"}]
["Conj.irrigacao autopropelido","unidade",2,{"v":1,"d":"1.0"},{"v":1,"d":"1.0"},{"v":1,"d":"1.0"},{"v":2,"d":"2.0"}]
["Conj.irrigacao convencional","unidade",4,{"v":1,"d":"1.0"},{"v":2.25,"d":"2.3"},{"v":4,"d":"4.0"},{"v":9,"d":"9.0"}]
["Conj.irrigacao pivot central","unidade",1,{"v":1,"d":"1.0"},{"v":1,"d":"1.0"},{"v":1,"d":"1.0"},{"v":1,"d":"1.0"}]
["Conj.irrigacao/gotejamento/microaspersao","unidade",2,{"v":1,"d":"1.0"},{"v":1,"d":"1.0"},{"v":1,"d":"1.0"},{"v":2,"d":"2.0"}]
["Conjunto de fenacao","unidade",1,{"v":2,"d":"2.0"},{"v":2,"d":"2.0"},{"v":2,"d":"2.0"},{"v":2,"d":"2.0"}]
["Desintegrador de palha (plantio direto)","unidade",2,{"v":2,"d":"2.0"},{"v":2,"d":"2.0"},{"v":2,"d":"2.0"},{"v":4,"d":"4.0"}]
["Desintegrador, picador, triturador","unidade",85,{"v":1,"d":"1.0"},1.2,{"v":10,"d":"10.0"},{"v":102,"d":"102.0"}]
["Distribuidor de calcario","unidade",13,{"v":1,"d":"1.0"},{"v":1.38,"d":"1.4"},{"v":3,"d":"3.0"},{"v":18,"d":"18.0"}]
["Ensiladeira","unidade",2,{"v":1,"d":"1.0"},{"v":1,"d":"1.0"},{"v":1,"d":"1.0"},{"v":2,"d":"2.0"}]
["Grade aradora (tipo romi)","unidade",8,{"v":1,"d":"1.0"},6.5,{"v":43,"d":"43.0"},{"v":52,"d":"52.0"}]
["Grade niveladora","unidade",11,{"v":1,"d":"1.0"},{"v":2,"d":"2.0"},{"v":11,"d":"11.0"},{"v":22,"d":"22.0"}]
["Implementos para tracao animal","unidade",10,{"v":1,"d":"1.0"},{"v":2,"d":"2.0"},{"v":3,"d":"3.0"},{"v":20,"d":"20.0"}]
["Maquina de classificar ovo","unidade",1,{"v":1,"d":"1.0"},{"v":1,"d":"1.0"},{"v":1,"d":"1.0"},{"v":1,"d":"1.0"}]
["Misturador de racao","unidade",15,{"v":1,"d":"1.0"},{"v":1.27,"d":"1.3"},{"v":4,"d":"4.0"},{"v":19,"d":"19.0"}]
["Mmicrotrator","unidade",4,{"v":1,"d":"1.0"},{"v":1.25,"d":"1.3"},{"v":2,"d":"2.0"},{"v":5,"d":"5.0"}]
["Ordenhadeira mecanica","unidade",3,{"v":1,"d":"1.0"},{"v":2.67,"d":"2.7"},{"v":5,"d":"5.0"},{"v":8,"d":"8.0"}]
["Pulverizador tratorizado","unidade",39,{"v":1,"d":"1.0"},{"v":1.56,"d":"1.6"},{"v":5,"d":"5.0"},{"v":61,"d":"61.0"}]
["Resfriador de leite, tanque expansao","unidade",4,{"v":1,"d":"1.0"},{"v":1,"d":"1.0"},{"v":1,"d":"1.0"},{"v":4,"d":"4.0"}]
["Roçadeira costal","unidade",1,{"v":1,"d":"1.0"},{"v":1,"d":"1.0"},{"v":1,"d":"1.0"},{"v":1,"d":"1.0"}]
["Roçadeira tratorizada","unidade",2,{"v":1,"d":"1.0"},{"v":1,"d":"1.0"},{"v":1,"d":"1.0"},{"v":2,"d":"2.0"}]
["Semeadeira/adubadeira para plantio convencional","unidade",5,{"v":1,"d":"1.0"},9.6,{"v":42,"d":"42.0"},{"v":48,"d":"48.0"}]
["Semeadeira/plantadeira plantio direto","unidade",35,{"v":1,"d":"1.0"},{"v":1.43,"d":"1.4"},{"v":6,"d":"6.0"},{"v":50,"d":"50.0"}]
["Terraceador","unidade",4,{"v":1,"d":"1.0"},{"v":2.25,"d":"2.3"},{"v":6,"d":"6.0"},{"v":9,"d":"9.0"}]
["Trator de esteiras","unidade",1,{"v":14,"d":"14.0"},{"v":14,"d":"14.0"},{"v":14,"d":"14.0"},{"v":14,"d":"14.0"}]
["Trator de pneus  acima de 85 cv","unidade",26,{"v":1,"d":"1.0"},{"v":7.12,"d":"7.1"},{"v":138,"d":"138.0"},{"v":185,"d":"185.0"}]
["Trator de pneus até 65 cv","unidade",33,{"v":1,"d":"1.0"},{"v":1.39,"d":"1.4"},{"v":6,"d":"6.0"},{"v":46,"d":"46.0"}]
["Trator de pneus de 66 cv a 85 cv","unidade",67,{"v":1,"d":"1.0"},{"v":2,"d":"2.0"},{"v":30,"d":"30.0"},{"v":134,"d":"134.0"}]
["Acude/represa","unidade",45,{"v":1,"d":"1.0"},{"v":1.76,"d":"1.8"},{"v":10,"d":"10.0"},{"v":79,"d":"79.0"}]
["Almoxarifado/oficina","unidade",11,{"v":1,"d":"1.0"},{"v":1.55,"d":"1.6"},{"v":6,"d":"6.0"},{"v":17,"d":"17.0"}]
["Armazem para graos ensacados","sacas",8]
["Balanca para bovinos","unidade",5,{"v":1,"d":"1.0"},{"v":1,"d":"1.0"},{"v":1,"d":"1.0"},{"v":5,"d":"5.0"}]
["Balanca para veiculos","unidade",5,{"v":1,"d":"1.0"},1.2,{"v":2,"d":"2.0"},{"v":6,"d":"6.0"}]
["Barracao para granja/avicultura","unidade",11,{"v":1,"d":"1.0"},{"v":13.18,"d":"13.2"},{"v":40,"d":"40.0"},{"v":145,"d":"145.0"}]
["Barracao/galpao/garagem","unidade",104,{"v":1,"d":"1.0"},1.4,{"v":4,"d":"4.0"},{"v":146,"d":"146.0"}]
["Casa de moradia habitada","unidade",241,{"v":1,"d":"1.0"},{"v":1.85,"d":"1.9"},{"v":24,"d":"24.0"},{"v":445,"d":"445.0"}]
["Casa de moradia total","unidade",262,{"v":1,"d":"1.0"},{"v":4.41,"d":"4.4"},{"v":349,"d":"349.0"},{"v":1155,"d":"1,155.0"}]
["Curral/mangueira","unidade",118,{"v":1,"d":"1.0"},{"v":1.05,"d":"1.1"},{"v":2,"d":"2.0"},{"v":124,"d":"124.0"}]
["Deposito/tulha","unidade",119,{"v":1,"d":"1.0"},{"v":1.38,"d":"1.4"},{"v":22,"d":"22.0"},{"v":164,"d":"164.0"}]
["Estabulo","unidade",29,{"v":1,"d":"1.0"},{"v":1.03,"d":"1.0"},{"v":2,"d":"2.0"},{"v":30,"d":"30.0"}]
["Estufa/plasticultura","m2",4]
["Fabrica de racao","unidade",7,{"v":1,"d":"1.0"},{"v":1,"d":"1.0"},{"v":1,"d":"1.0"},{"v":7,"d":"7.0"}]
["Instalacoes para equinos","unidade",4,{"v":1,"d":"1.0"},{"v":1,"d":"1.0"},{"v":1,"d":"1.0"},{"v":4,"d":"4.0"}]
["Maquina de beneficio","unidade",1,{"v":1,"d":"1.0"},{"v":1,"d":"1.0"},{"v":1,"d":"1.0"},{"v":1,"d":"1.0"}]
["Olaria","unidade",4,{"v":1,"d":"1.0"},{"v":1,"d":"1.0"},{"v":1,"d":"1.0"},{"v":4,"d":"4.0"}]
["Pocilga","unidade",30,{"v":1,"d":"1.0"},{"v":1.13,"d":"1.1"},{"v":4,"d":"4.0"},{"v":34,"d":"34.0"}]
["Poco semi-artesiano","unidade",34,{"v":1,"d":"1.0"},{"v":1.18,"d":"1.2"},{"v":4,"d":"4.0"},{"v":40,"d":"40.0"}]
["Secador de graos","unidade",2,{"v":1,"d":"1.0"},1.5,{"v":2,"d":"2.0"},{"v":3,"d":"3.0"}]
["Silo para graos","ton",5]
["Silo para silagem","ton",5]
["Terreiro","m2",13]
["Fonte: Secretaria de Agricultura e Abastecimento, CDRS/IEA, Projeto LUPA."]
[]
["TABELA 387.4 - Outras Estatísticas Agrícolas, Município de Ourinhos, Estado de São Paulo, 2016/17."]
["ITEM","Número de UPAs",null,"Percentual"]
["Faz Parte de Associação de Produtores",77,null,{"v":21.937321937321936,"d":"21.9"}]
["Faz Parte de Cooperativa de Produtores",65,null,{"v":18.51851851851852,"d":"18.5"}]
["Faz Parte do Sindicato de Produtores",168,null,{"v":47.863247863247864,"d":"47.9"}]
["Não utiliza assistência técnica ",16,null,{"v":4.5584045584045585,"d":"4.6"}]
["Utiliza somente assistência técnica governamental ",218,null,{"v":62.10826210826211,"d":"62.1"}]
["Utiliza somente assistência técnica privada ",13,null,{"v":3.7037037037037037,"d":"3.7"}]
["Utiliza assistência técnica tanto governamental quanto privada",104,null,{"v":29.62962962962963,"d":"29.6"}]
["Utiliza Crédito Rural",133,null,{"v":37.89173789173789,"d":"37.9"}]
["Utiliza Seguro Rural",45,null,{"v":12.82051282051282,"d":"12.8"}]
["Utiliza Escrituração Agrícola",235,null,{"v":66.95156695156695,"d":"67.0"}]
["Acessa Internet p/ Fins na Agropecuária",58,null,{"v":16.524216524216524,"d":"16.5"}]
["Utiliza Computador nas Atividades Agropecuárias",63,null,{"v":17.94871794871795,"d":"17.9"}]
["Utiliza Energia Elétrica Para Uso na Atividade Agrícola",306,null,{"v":87.17948717948717,"d":"87.2"}]
["Utiliza Energia Alternativa","-",null,"-"]
["Realiza Análise de Solo, quando necessário",148,null,{"v":42.16524216524217,"d":"42.2"}]
["Realiza Calagem",104,null,{"v":29.62962962962963,"d":"29.6"}]
["Utiliza Práticas de Conservação de Solo, quando necessário",314,null,{"v":89.45868945868946,"d":"89.5"}]
["Faz Adubação Mineral, quando necessário",163,null,{"v":46.43874643874644,"d":"46.4"}]
["Faz Adubação Orgânica, quando necessário",88,null,{"v":25.071225071225072,"d":"25.1"}]
["Faz Adubação Verde, quando necessário",18,null,{"v":5.128205128205128,"d":"5.1"}]
["Utiliza Manejo Integrado de Pragas (MIP)",4,null,{"v":1.1396011396011396,"d":"1.1"}]
["Utiliza Hidroponia",2,null,{"v":0.5698005698005698,"d":"0.6"}]
["Utiliza Cultivo em Estufa",5,null,{"v":1.4245014245014247,"d":"1.4"}]
["Utiliza Mudas Fiscalizadas",60,null,{"v":17.094017094017094,"d":"17.1"}]
["Utiliza Semente Melhorada",122,null,{"v":34.75783475783476,"d":"34.8"}]
["Faz Confinamento de Bovinos",5,null,{"v":1.4245014245014247,"d":"1.4"}]
["Utiliza Pastejo Intensivo",11,null,{"v":3.133903133903134,"d":"3.1"}]
["Faz Inseminação Artificial",6,null,{"v":1.7094017094017095,"d":"1.7"}]
["Faz Mineralização do Rebanho",170,null,{"v":48.433048433048434,"d":"48.4"}]
["Faz Vermifugação do Rebanho",173,null,{"v":49.287749287749286,"d":"49.3"}]
["Possui Parceiros /Arrendatários na Exploração Animal",11,null,{"v":3.133903133903134,"d":"3.1"}]
["Existência de trabalhadores c/ deficiência na UPA","-",null,"-"]
["Esporte e lazer",1,null,{"v":0.2849002849002849,"d":"0.3"}]
["Extração mineral",2,null,{"v":0.5698005698005698,"d":"0.6"}]
["Hotel Fazenda, Pousada ou SPA","-",null,"-"]
["Pesque-pague","-",null,"-"]
["Restaurante ou Lanchonete","-",null,"-"]
["Transformação artesanal","-",null,"-"]
["Turismo rural ou ecoturismo","-",null,"-"]
["Outras atividades econômicas rurais",4,null,{"v":1.1396011396011396,"d":"1.1"}]
["Agroindústria","-",null,"-"]
["Proprietário sem instrução ou com instrução incompleta",12,null,{"v":3.418803418803419,"d":"3.4"}]
["Proprietário com antigo primário completo",86,null,{"v":24.5014245014245,"d":"24.5"}]
["Proprietário com 1° grau (ou antigo ginasial) completo",87,null,{"v":24.786324786324784,"d":"24.8"}]
["Proprietário com 2° grau (ou antigo colegial) completo",79,null,{"v":22.507122507122507,"d":"22.5"}]
["Proprietário com curso superior completo ",64,null,{"v":18.233618233618234,"d":"18.2"}]
["Pessoa Jurídica",23,null,{"v":6.552706552706553,"d":"6.6"}]
["Proprietário residente na própria UPA ",50,null,{"v":14.245014245014247,"d":"14.2"}]
["Fonte: Secretaria de Agricultura e Abastecimento, CDRS/IEA, Projeto LUPA."]
[]
["TABELA 387.5 - Área Cultivada, Município de Ourinhos, Estado de São Paulo, 2016/17."]
["CULTURA","N.DE UPAs","MÍNIMO","MÉDIO","MÁXIMO","TOTAL"]
["Cana-de-acucar finalidade industria",60,1.2,{"v":243.32,"d":"243.3"},{"v":1030.1,"d":"1,030.1"},{"v":14599.2,"d":"14,599.2"}]
["Soja",146,0.8,{"v":26.71,"d":"26.7"},284.3,{"v":3899.3,"d":"3,899.3"}]
["Milho 2 safra",132,1.1,{"v":27.35,"d":"27.4"},284.3,{"v":3610.3,"d":"3,610.3"}]
["Braquiaria",216,0.1,{"v":14.42,"d":"14.4"},{"v":290,"d":"290.0"},{"v":3114.1,"d":"3,114.1"}]
["Eucalipto",25,0.2,{"v":33.68,"d":"33.7"},{"v":440,"d":"440.0"},{"v":842,"d":"842.0"}]
["Cana-de-acucar outras finalidades",8,0.5,{"v":18.65,"d":"18.7"},137.8,149.2]
["Gramas",3,0.7,{"v":39.57,"d":"39.6"},{"v":110,"d":"110.0"},118.7]
["Milho safra",22,0.4,{"v":3.58,"d":"3.6"},{"v":31,"d":"31.0"},78.7]
["Outras gramineas para pastagem",8,0.4,{"v":8.14,"d":"8.1"},{"v":24,"d":"24.0"},65.1]
["Alfafa",1,{"v":50,"d":"50.0"},{"v":50,"d":"50.0"},{"v":50,"d":"50.0"},{"v":50,"d":"50.0"}]
["Cafe",6,0.2,{"v":8.23,"d":"8.2"},{"v":22,"d":"22.0"},49.4]
["Mandioca",9,0.2,{"v":4.89,"d":"4.9"},14.5,{"v":44,"d":"44.0"}]
["Crotalaria",1,15.8,15.8,15.8,15.8]
["Seringueira",2,2.4,{"v":5,"d":"5.0"},7.6,{"v":10,"d":"10.0"}]
["Alface",4,0.2,1.8,5.5,7.2]
["Milho-silagem",1,4.8,4.8,4.8,4.8]
["Outras frutiferas",1,4.8,4.8,4.8,4.8]
["Outras olericolas",3,0.2,{"v":1.07,"d":"1.1"},{"v":2,"d":"2.0"},3.2]
["Capim-napier (ou capim-elefante)",2,{"v":1,"d":"1.0"},1.5,{"v":2,"d":"2.0"},{"v":3,"d":"3.0"}]
["Banana",1,1.5,1.5,1.5,1.5]
["Tomate envarado",2,0.1,{"v":0.55,"d":"0.6"},{"v":1,"d":"1.0"},1.1]
["Outras florestais",1,{"v":1,"d":"1.0"},{"v":1,"d":"1.0"},{"v":1,"d":"1.0"},{"v":1,"d":"1.0"}]
["Coloniao",1,{"v":1,"d":"1.0"},{"v":1,"d":"1.0"},{"v":1,"d":"1.0"},{"v":1,"d":"1.0"}]
["Couve (ou couve-crespa)",1,0.6,0.6,0.6,0.6]
["Maracuja",1,0.5,0.5,0.5,0.5]
["Manga",1,0.5,0.5,0.5,0.5]
["Limao",1,0.5,0.5,0.5,0.5]
["Abobora (ou jerimum)",1,0.5,0.5,0.5,0.5]
["Pepino",1,0.1,0.1,0.1,0.1]
["Fonte: Secretaria de Agricultura e Abastecimento, CDRS/IEA, Projeto LUPA."]